000 00601nam a2200229Ia 4500
003 OSt
005 20220924144342.0
006 a|||||r|||| 00| 0
007 ta
008 220923b |||||||| |||| 00| 0 urd d
024 _a313754
037 _cTextual
040 _aARTS
_cARTS
_burd
041 _2urd
_aurd
082 _aO168,1MAM,11, D4
100 _aMirza Mohammad Abdul Majeed
_9217504
245 0 _aKhaziat-ul-Haqaeq
260 _c1904
650 _aURDU POETRY
942 _hO168,1MAM,11, D4
_cTEXL
_2CC
999 _c456821
_d456821